| 000 | 00473nab a2200145Ia 4500 | ||
|---|---|---|---|
| 003 | ES-SlBCS | ||
| 005 | 20210601132858.0 | ||
| 008 | 140529s1972 xxu||||| |||| 00| 0 ita d | ||
| 041 | _aita | ||
| 100 | 1 |
_aGiannini, Giorgio _962848 |
|
| 245 | 0 | 0 |
_aNuovi saggi di P. Carlo Boyer sulla dottrina di S. Agostino _c Giorgio Giannini |
| 600 | 1 |
_aBoyer, Carlo-Agustín, San _9199733 |
|
| 773 | 0 |
_tGiornali di Metafisica _gvol. 27, nº. 1, 1972, págs. 13-18 _w0017-0372 |
|
| 942 | _cAR | ||
| 999 |
_c587077 _d587077 |
||